Statistiche per Mare Fuori

Clicka qui per fare il quiz!

Statistiche generali

  • Questo quiz è stato fatto 172 volte
  • Il punteggio medio è 21 su 30

Statistiche sulle risposte

HintRisposta% Corretto
è detto chiattillofilippo ferrari
92%
naditza è unazingara rom
90%
è l'interesse amoroso di carmine dopo la morte di ninarosa ricci
89%
nome della direttricepaola vinci
86%
tyson è il cane appartenente apino
86%
nome del comandantemassimo esposito
85%
gianni è dettocardiotrap
83%
edoardo è sposato concarmela
81%
mamma biologica di futuranina
81%
fidanzata storica di beppe e mamma di kubralatifah mamma di kubra
80%
papà di kubrabeppe
78%
ruba la canzone di cardiotarp pur disprezzando la sua musicagiulia, crazy j
77%
ha ucciso ninatotò
77%
il nemico di carmineciro ricci
73%
ha i capelli rossi ed ha ucciso la sua migliore amicaviola
73%
muore ucciso da mimmogaetano o pirucchio
71%
amico di cucciolo e micciarelladobermann
67%
padre di ciro, pietro e rosadon salvatore ricci
67%
i fratelli di meo sono detti rispettivamentecucciolo e micciarella
64%
ha donato il suo sangue ad edoardoteresa
64%
sua sorella è stata sfregiata dall'acidogemma
61%
è finita in carcere a causa dell'avvocato della famiglia Riccisilvia
61%
ex migliore amico fraterno del comandante e padre di nazarioantonio valletta
60%
nutre un particolare affetto per edoardo, anche se come agente penitenziarioliz
57%
zingaro amico di Ciromilos
57%
agente penitenziario corrotto spesso da cirolino
56%
fa il doppio gioco con i ricci e i di salvomimmo
56%
protegge suo figlio ad ogni costodonna wanda di salvo
55%
muore per overdose nella prima stagioneserena
55%
agente penitenziario con parecchi anni di serviziogennaro
40%

Distribuzione punteggi

Percentile per numero di risposta

Percentuale di utenti per punteggio

I tuoi punteggi nel tempo

Non hai fatto questo quiz